00887 a2200217 4500003000500000005001700005010001600022020001500038040000900053082001800062100002400080245008600104250001300190260003500203300003100238490006100269505024500330650003100575650003400606700002900640Nust20221125142251.0 a 70141920 a0070273820 cNust00a621.38132,HAY1 aHayt, William Hart,10aEngineering circuit analysis /c[by] William H. Hayt, Jr. [and] Jack E. Kemmerly. a2nd. ed. aNew York,bMcGraw-Hillc[1971] axv, 653 p.billus.c24 cm.0 aMcGraw-Hill electrical and electronic engineering series aPart 1: The Resistive Circuits (Page-3), Part 2: The Transient Circuits (Page-109), Part 3: Sinusoidal Analysis (Page-233), Part 4: Complex Frequency (Page-351), Part 5: Two Port Networks (Page-431), Part 6: Network Analysis (Page-503). 0aElectric network analysis. 0aTelecommunication engineering1 aKemmerly, Jack E.d1924-